[Event "SVK-chT rapid"]
[Site "Poprad"]
[Date "2025.??.??"]
[Round "2.21"]
[White "Prochazka, Peter"]
[Black "Hrnciar, Roman"]
[Result "1/2-1/2"]
[WhiteElo "1815"]
[BlackElo "1975"]
[PlyCount "81"]
[EventDate "2025.05.04"]
[EventType "team-swiss (rapid)"]
[EventRounds "7"]
[EventCountry "SVK"]
[SourceTitle "CB19_2025"]
[SourceDate "2025.05.07"]
[SourceVersion "1"]
[SourceVersionDate "2025.05.07"]
[SourceQuality "1"]

1. d3 Nf6 2. Nd2 g6 3. e4 d6 4. Be2 Bg7 5. c3 0-0 6. a4 e5 7. Ngf3 Re8 8. 0-0 d5 9. Qc2 c6 10. Re1 Nbd7 11. Bf1 Qc7 12. g3 Nf8 13. Bg2 dxe4 14. dxe4 Be6 15. Ng5 h6 16. Nxe6 Nxe6 17. a5 b6 18. Nc4 Red8 19. axb6 axb6 20. Rxa8 Rxa8 21. Ne3 Kh7 22. Bd2 Ne8 23. Bh3 Ng5 24. Bg2 Nd6 25. h4 Ne6 26. Bh3 Qe7 27. b3 Nc5 28. f3 Qa7 29. Rb1 Nd7 30. Kh2 h5 31. g4 Bh6 32. g5 Bf8 33. Qd3 Nc5 34. Qc2 Ne8 35. b4 Na4 36. Bf1 Rd8 37. Rd1 Qd7 38. Bd3 Ng7 39. Kg3 Ne6 40. Bf1 f6 41. gxf6 1/2-1/2

[Event "SVK-chT2D 2324"]
[Site "Slovakia"]
[Date "2024.03.17"]
[Round "11.7"]
[White "Prochazka, Peter"]
[Black "Belis, Rudolf"]
[Result "1-0"]
[WhiteElo "1866"]
[BlackElo "1791"]
[PlyCount "95"]
[EventDate "2023.10.07"]
[EventType "team-tourn"]
[EventRounds "11"]
[EventCountry "SVK"]
[SourceTitle "EXT 2025"]
[Source "ChessBase"]
[SourceDate "2024.10.14"]
[SourceVersion "1"]
[SourceVersionDate "2024.10.14"]
[SourceQuality "1"]
[WhiteTeam "Poprad LS VD"]
[BlackTeam "Presov Tatran Dason"]
[WhiteTeamCountry "SVK"]
[BlackTeamCountry "SVK"]

1. d3 e5 2. Nd2 d5 3. e4 Nf6 4. Be2 c6 5. c3 Bd6 6. Ngf3 Nbd7 7. 0-0 Nf8 8. Re1 Ng6 9. Qc2 0-0 10. a4 h6 11. Nf1 Be6 12. Ne3 Qd7 13. g3 Rad8 14. Bf1 Ne7 15. h4 Bh3 16. Bg2 Bc7 17. a5 Qe6 18. Nh2 Bxg2 19. Kxg2 dxe4 20. dxe4 Rd7 21. b3 Rfd8 22. Nc4 b5 23. axb6 axb6 24. Nf1 b5 25. Na5 Qd6 26. Nb7 Qd3 27. Qxd3 Rxd3 28. Nxd8 Bxd8 29. Ra8 Kh7 30. Ba3 Ng6 31. Re3 Rd7 32. Bc5 Be7 33. Bxe7 Nxe7 34. f3 Kg6 35. Kf2 Nfg8 36. Ke2 Kf6 37. Rd3 Ke6 38. Ne3 g6 39. f4 Rxd3 40. Kxd3 Nf6 41. Ra7 Nd7 42. b4 h5 43. Ke2 Ng8 44. c4 bxc4 45. Nxc4 Ne7 46. b5 exf4 47. gxf4 Nc5 48. b6 1-0

[Event "Bratislava Slovakia op"]
[Site "Bratislava"]
[Date "2022.10.01"]
[Round "4"]
[White "Mikulas, Dusan"]
[Black "Prochazka, Peter"]
[Result "1-0"]
[WhiteElo "2047"]
[BlackElo "1792"]
[PlyCount "87"]
[EventDate "2022.09.30"]
[EventType "swiss (rapid)"]
[EventRounds "9"]
[EventCountry "SVK"]
[SourceTitle "CBM 210 Extra"]
[Source "ChessBase"]
[SourceDate "2022.11.30"]
[SourceVersion "1"]
[SourceVersionDate "2022.11.30"]
[SourceQuality "1"]

1. e4 d5 2. exd5 Qxd5 3. Nc3 Qd6 4. d4 Nf6 5. Nf3 a6 6. h3 Nc6 7. Be3 Bf5 8. Qd2 0-0-0 9. Bd3 Bxd3 10. Qxd3 e5 11. Qf5+ Qd7 12. Qxd7+ Nxd7 13. d5 Na5 14. Ng5 f6 15. Nf7 Bb4 16. Nxh8 Rxh8 17. Ke2 Nc4 18. Nd1 f5 19. b3 Nd6 20. a3 Bc5 21. Bxc5 Nxc5 22. Nc3 Rd8 23. f3 e4 24. Rhe1 Re8 25. Kf2 f4 26. fxe4 Ncxe4+ 27. Nxe4 Nxe4+ 28. Kf3 Nf6 29. Rxe8+ Nxe8 30. Kxf4 Kd7 31. Ke5 Nd6 32. Rf1 Ke7 33. c4 b6 34. Rf4 Nf7+ 35. Rxf7+ Kxf7 36. b4 Ke7 37. c5 Kd7 38. a4 Ke7 39. cxb6 cxb6 40. d6+ Kd8 41. Ke6 Ke8 42. b5 a5 43. d7+ Kd8 44. Kd6 1-0

[Event "Bratislava Slovakia op"]
[Site "Bratislava"]
[Date "2022.09.30"]
[Round "2"]
[White "Benci, Jozef1"]
[Black "Prochazka, Peter"]
[Result "1/2-1/2"]
[WhiteElo "1520"]
[BlackElo "1792"]
[PlyCount "96"]
[EventDate "2022.09.30"]
[EventType "swiss (rapid)"]
[EventRounds "9"]
[EventCountry "SVK"]
[SourceTitle "CBM 210 Extra"]
[Source "ChessBase"]
[SourceDate "2022.11.30"]
[SourceVersion "1"]
[SourceVersionDate "2022.11.30"]
[SourceQuality "1"]

1. e4 c5 2. Nc3 e6 3. f4 a6 4. a4 Nc6 5. Bc4 Qc7 6. d3 Be7 7. Nf3 d6 8. 0-0 Nf6 9. Qe1 0-0 10. Qg3 Nh5 11. Qh3 g6 12. Ng5 Qd8 13. Bd2 d5 14. Bb3 e5 15. Qf3 Nd4 16. Qf2 exf4 17. Nf3 Nxb3 18. cxb3 d4 19. Nd5 Be6 20. Nxf4 Nxf4 21. Bxf4 Bxb3 22. Bh6 Re8 23. Ne5 Bh4 24. Qf4 Qe7 25. Nf3 Bf6 26. Ng5 Bg7 27. Qh4 Qf8 28. Bxg7 Qxg7 29. Rf2 h6 30. Nh3 Rac8 31. Raf1 Rc7 32. Qg3 Ree7 33. Rf6 Bxa4 34. e5 Rc6 35. Qf3 Bb3 36. Nf2 Rce6 37. Ng4 h5 38. Rxe6 Bxe6 39. Nf6+ Kh8 40. Qe4 Rc7 41. Qe1 Bf5 42. Qh4 Rc8 43. Rxf5 Qh6 44. Rf1 Qe3+ 45. Qf2 Qxd3 46. Nxh5 Kh7 47. Qxf7+ Kh8 48. Qf6+ Kh7 1/2-1/2